The First Three II Quiz Stats

 Plays Quiz Updated Jan 3, 2016

Also try: The First Three
Challenge
Share
Tweet
Embed
Score 0/36 Timer 04:00
0 Plays Today
Category Answer % Correct
Disney Animated ClassicsSnow White and the Seven Dwarfs
81.2%
Stages of GriefDenial
76.8%
Elements of the Periodic TableHydrogen
75.2%
Stages of GriefAnger
74.8%
Elements of the Periodic TableHelium
68.8%
US Federal Holidays of the yearNew Year's Day
67.7%
Brady Bunch Children by Birth DateMarcia
60.6%
US Federal Holidays of the yearBirthday of Martin Luther King, Jr.
59.1%
Brady Bunch Children by Birth DateGreg
57.2%
Brady Bunch Children by Birth DatePeter
53.9%
US Federal Holidays of the yearWashington's Birthday
53.9%
Countries of the World, AlphabeticallyAlbania
53.1%
Teams to Win the Super BowlGreen Bay Packers
52%
Disney Animated ClassicsFantasia
49.7%
Countries of the World, AlphabeticallyAlgeria
48.4%
Plagues of EgyptPlague of amphibians
47.3%
Countries of the World, AlphabeticallyAfghanistan
46.2%
Roman EmperorsAugustus
43.8%
Category Answer % Correct
Plagues of EgyptPlague of water to blood
42%
Stages of GriefBargaining
40.9%
Teams to Win the Super BowlNew York Jets
40.6%
Elements of the Periodic TableLithium
37.3%
People to Fly in SpaceYuri Gagarin
36.4%
Disney Animated ClassicsPinocchio
35.8%
Britney Spears #1 US Hit Singles...Baby One More Time
28.7%
Teams to Win the Super BowlKansas City Chiefs
26%
Roman EmperorsCaligula
20.3%
Plagues of EgyptPlague of lice or gnats
13.5%
People to Fly in SpaceAlan Shepard
12.5%
Prime Ministers of the UKSir Robert Walpole
11.8%
Roman EmperorsTiberius
11.6%
People to Fly in SpaceGus Grissom
4.9%
Britney Spears #1 US Hit Singles3
3.7%
Britney Spears #1 US Hit SinglesWomanizer
2.7%
Prime Ministers of the UKHenry Pelham
1.4%
Prime Ministers of the UKSpencer Compton
1.3%

You're not logged in!

Compare scores with friends on all Sporcle quizzes.
Join for Free
OR
Log In

You Might Also Like...

Show Comments

Extras

Top Quizzes Today


Score Distribution

Your Account Isn't Verified!

In order to create a playlist on Sporcle, you need to verify the email address you used during registration. Go to your Sporcle Settings to finish the process.

Report this User

Report this user for behavior that violates our Community Guidelines.

Details: